[Event "Ljubljana op"]
[Site "Ljubljana"]
[Date "1996.??.??"]
[Round "4"]
[White "Marinsek, Tomaz"]
[Black "Kolar, Srecko"]
[Result "0-1"]
[WhiteElo "2200"]
[BlackElo "2200"]

1.e4 e5 2.Nf3 Nc6 3.Bb5 a6 4.Ba4 Nf6 5.O-O b5 6.Bb3 Bb7 7.Re1 Bc5 8.c3 d6
9.d4 Bb6 10.Bg5 h6 11.Bh4 Qd7 12.a4 O-O-O 13.axb5 axb5 14.Na3 g5 15.Bg3 exd4
16.cxd4 Na5 17.Bc2 b4 18.Nb1 Rhg8 19.Qd2 h5 20.Nxg5 h4 21.Bxh4 Qg4 22.g3 Nc6
23.Bd1 Qd7 24.Nf3 Rg6 25.Qf4 Nh5 26.Qf5 Rh8 27.Qxd7+ Kxd7 28.Ba4 Kc8 29.Rd1 Nf4
30.Kh1 Nh3 31.Rd2 Nxd4 32.Nxd4 Rxh4 33.Nc6 Rxe4 34.Kg2 Ng5 35.f4 Nh7 36.b3 Re1
37.Kh3 Nf6 38.g4 Nxg4 39.Raa2 Nh6 40.Re2 Re6 41.Rxe1 Rxe1 42.Rg2 Rxb1 43.Re2 Bxc6
44.Bxc6 Rxb3+ 45.Kh4 Re3 46.Ra2 Kd8 47.Kg5 Ra3 48.Re2 Be3 49.Kxh6 Bxf4+ 50.Kg7 Be5+
51.Kxf7 Rc3 52.Ba4 c6 53.h4 b3 54.Ke6 Kc7 55.Rb2 Rh3 56.Rxb3 Rxh4 57.Ra3 Rh6+
58.Kf5 Rf6+ 59.Ke4 Rf4+ 60.Ke3 d5 61.Bd1 Rh4 62.Bf3 Rb4 63.Kd3 c5 64.Ra6 c4+
65.Ke3 Rb3+ 66.Ke2 Rd3 67.Re6 Bf4 68.Rf6 Bd6 69.Rh6 Kc6 70.Rh7 Bf4 71.Rh4 Rd2+
72.Ke1 Rd4 73.Ke2 c3  0-1

[Event "Ljubljana op"]
[Site "Ljubljana"]
[Date "1996.??.??"]
[Round "6"]
[White "Praznik, Anton"]
[Black "Semrl, Marjan"]
[Result "0-1"]
[WhiteElo "2260"]
[BlackElo "2150"]

1.e4 e5 2.Nf3 Nc6 3.Bb5 a6 4.Ba4 Nf6 5.O-O b5 6.Bb3 Bb7 7.d3 g6 8.Nc3 Bg7
9.a4 b4 10.Nd5 Nxd5 11.Bxd5 Na5 12.Ba2 O-O 13.Bg5 Bf6 14.Bxf6 Qxf6 15.Qd2 c5
16.Qe3 Rac8 17.Nd2 Kg7 18.c3 Qb6 19.Bc4 Qd6 20.f4 f6 21.Rf2 Qe7 22.Raf1 d6
23.Qg3 bxc3 24.bxc3 exf4 25.Qxf4 Qe5 26.Ba2 Bc6 27.Nc4 Nxc4 28.Bxc4 Qxf4
29.Rxf4 Bxa4 30.Bxa6 Rb8 31.g4 g5 32.R4f2 Bd7 33.h3 Rb3 34.Rc1 Be6 35.Rd2 Ra8
36.Bc4 Bxc4 37.dxc4 Ra6 38.Kf2 Kf7 39.Ke3 Ke7 40.Kd3 Rab6 41.Rf2 Rb1 42.Rxb1 Rxb1
43.Rf3 Rg1 44.Ke3 Ra1 45.Kd3 Ra8 46.h4 h6 47.Rf1 Ra2 48.hxg5 hxg5 49.Rg1 Ke6
50.Ke3 Ke5 51.Rd1 Rh2 52.Rd5+ Ke6 53.Rd3 Rg2 54.Kf3 Ra2 55.Rd1 Ra4 56.Rb1 Rxc4
57.Rb3 Ke5  0-1

[Event "RL-ch"]
[Site "Ludwigshafen"]
[Date "1996.??.??"]
[Round "?"]
[White "Eifler, Tim"]
[Black "Wagner, H."]
[Result "0-1"]
[WhiteElo "1960"]
[BlackElo "2110"]

1.e4 e5 2.Nf3 Nc6 3.Bb5 a6 4.Ba4 Nf6 5.O-O b5 6.Bb3 Bb7 7.c3 h6 8.Re1 d6
9.d4 g6 10.Nbd2 Bg7 11.Nf1 Qd7 12.a4 O-O 13.Ng3 exd4 14.cxd4 d5 15.e5 Nh7
16.Bc2 Rfe8 17.Be3 b4 18.Qd2 h5 19.h3 a5 20.Ng5 Nxg5 21.Bxg5 Ra6 22.f4 Nd8
23.f5 c5 24.f6 Bh8 25.Nxh5 Ne6 26.Ng3 Nxd4 27.Bd3 Rae6 28.Qf4 Qc7 29.Qg4 Rxe5
30.Bf4 Rxe1+ 31.Rxe1 Rxe1+ 32.Kf2 Qc8 33.Qxc8+ Bxc8 34.Kxe1 Bxf6 35.Bc7 c4
36.Bxc4 dxc4 37.Bxa5 c3 38.bxc3 b3 39.Ne4 b2 40.Nd2 Nb3  0-1

[Event "RL-ch"]
[Site "Ludwigshafen"]
[Date "1996.??.??"]
[Round "?"]
[White "Lambert, Andreas"]
[Black "Wagner, H."]
[Result "1-0"]
[WhiteElo "2205"]
[BlackElo "2110"]

1.e4 e5 2.Nf3 Nc6 3.Bb5 a6 4.Ba4 Nf6 5.O-O b5 6.Bb3 Bb7 7.Re1 Bc5 8.Nc3 Ng4
9.Rf1 d6 10.d3 O-O 11.Bg5 Qd7 12.h3 Nxf2 13.Rxf2 Bxf2+ 14.Kxf2 Na5 15.g4 Nxb3
16.axb3 f6 17.Be3 c6 18.d4 d5 19.exd5 cxd5 20.Ne2 Qd6 21.Kg2 Rae8 22.Qd2 g6
23.b4 e4 24.Nh2 f5 25.Bf4 Qe6 26.Be5 Rf7 27.gxf5 Rxf5 28.Ng3 Rff8 29.Ng4 h5
30.Qh6 Re7 31.Qh8+  1-0

[Event "Wch U20"]
[Site "Medellin"]
[Date "1996.??.??"]
[Round "1"]
[White "Nisipeanu, Liviu Dieter"]
[Black "Petek, Pavel"]
[Result "1-0"]
[WhiteElo "2500"]
[BlackElo "2175"]

1.e4 e5 2.Nf3 Nc6 3.Bb5 a6 4.Ba4 Nf6 5.O-O b5 6.Bb3 Bb7 7.c3 Nxe4 8.d4 exd4
9.Re1 Na5 10.Ng5 d5 11.Rxe4+ dxe4 12.Bxf7+ Ke7 13.Qh5 e3 14.cxd4 Qxd4 15.Bxe3 Qe5
16.Nc3 g6 17.Qg4 Rd8 18.Re1 Kf6 19.Nd5+ Rxd5 20.Bxd5 Bc8 21.Qf3+ Bf5 22.Bd2  1-0

[Event "Wch U20 Girls"]
[Site "Medellin"]
[Date "1996.??.??"]
[Round "12"]
[White "Khan, Anna"]
[Black "Skripchenko, Almira"]
[Result "1/2-1/2"]
[WhiteElo "2165"]
[BlackElo "2370"]

1.e4 e5 2.Nf3 Nc6 3.Bb5 a6 4.Ba4 Nf6 5.O-O b5 6.Bb3 Bb7 7.d3 Be7 8.c3 O-O
9.Re1 d6 10.Nbd2 h6 11.Nf1 Re8 12.Ng3 Bf8 13.a4 Rb8 14.axb5 axb5 15.d4 Qd7
16.h3 g6 17.Qd3 Bg7 18.d5 Ne7 19.c4 c6 20.dxc6 Bxc6 21.Rd1 Nc8 22.Qc2 Qb7
23.cxb5 Bxb5 24.Ba4 Bxa4 25.Rxa4 Nd7 26.Rc4 Nc5 27.b4 Ne6 28.Ne2 f5 29.exf5 gxf5
30.Qxf5 d5 31.Rg4 Qa6 32.Qxe5 Rxb4  1/2-1/2

[Event "Meisdorf op"]
[Site "Meisdorf"]
[Date "1996.??.??"]
[Round "?"]
[White "Solozhenkin, Evgeniy"]
[Black "Kniest, Oliver"]
[Result "0-1"]
[WhiteElo "2510"]
[BlackElo "2135"]

1.e4 e5 2.Nf3 Nc6 3.Bb5 a6 4.Ba4 Nf6 5.O-O b5 6.Bb3 Bb7 7.Re1 Bc5 8.c3 d6
9.d4 Bb6 10.Be3 O-O 11.Nbd2 Ne7 12.Nf1 Nd7 13.Ng3 c5 14.Bg5 c4 15.Bc2 h6
16.Be3 Qc7 17.Nh5 f5 18.dxe5 Nxe5 19.Bxb6 Qxb6 20.Nxe5 dxe5 21.exf5 Nxf5
22.Qg4 g6 23.Rxe5 Ng7 24.Nf4 Qf6 25.Qxg6 Qxe5 26.Qh7+ Kf7 27.Bg6+ Ke7 28.Bf5 Qxf5
29.Qxg7+ Rf7 30.Re1+ Kd8 31.Qd4+ Kc7 32.Ne6+ Kc6 33.Qe3 Qd5 34.Qxh6 Kd7 35.Nc5+ Kc7
36.Ne6+ Kd7 37.Nc5+ Kc7 38.Ne6+ Kb8 39.Qg6 Ka7  0-1

[Event "Wch U14 Girls"]
[Site "Menorca"]
[Date "1996.??.??"]
[Round "8"]
[White "Moshina, Cristina"]
[Black "Jackova, Jana"]
[Result "1-0"]
[WhiteElo "2070"]
[BlackElo "2260"]

1.e4 e5 2.Nf3 Nc6 3.Bb5 a6 4.Ba4 Nf6 5.O-O b5 6.Bb3 Bb7 7.Re1 Bc5 8.c3 d6
9.d4 Bb6 10.d5 Ne7 11.Nbd2 Ng4 12.Re2 Ng6 13.h3 h5 14.Nf1 Nf4 15.Bxf4 exf4
16.e5 Nxe5 17.Nxe5 dxe5 18.Rxe5+ Kf8 19.Rxh5 Rg8 20.Nh2 Qd6 21.Nf3 Re8 22.Ng5 Re5
23.Qf3 g6 24.Nxf7 Kxf7 25.Rxe5 Qxe5 26.d6+ Kg7 27.Qxb7 Rd8 28.dxc7 Bxc7 29.Rd1 Rxd1+
30.Bxd1 f3 31.gxf3 Qh2+ 32.Kf1 Qxh3+ 33.Ke2 Qe6+ 34.Kd2 Qd6+ 35.Kc2 Kh6 36.Be2 Bd8
37.Bd3 Bg5 38.Qe4 Qb6 39.f4 Bh4 40.f3 a5 41.Qe5 Bf6 42.Qxb5 Qf2+ 43.Be2 a4
44.Qd3 Qe1 45.Qd2 Qf2 46.Bd1 Qc5 47.a3 g5 48.Kb1 Qb5 49.Ka1 Qc4 50.fxg5+ Bxg5
51.Qd6+ Kg7 52.Qd4+  1-0

[Event "Mislata op 5th"]
[Site "Mislata"]
[Date "1996.??.??"]
[Round "4"]
[White "Becerra Rivero, Julio"]
[Black "Coret Frasquet, Jose"]
[Result "1-0"]
[WhiteElo "2545"]
[BlackElo "2300"]

1.e4 e5 2.Nf3 Nc6 3.Bb5 a6 4.Ba4 Nf6 5.O-O b5 6.Bb3 Bb7 7.Re1 Bc5 8.c3 d6
9.d4 Bb6 10.Be3 O-O 11.Nbd2 h6 12.h3 Re8 13.Qb1 exd4 14.cxd4 d5 15.e5 Ne4
16.Nxe4 dxe4 17.e6 fxe6 18.Qxe4 Qf6 19.Bc2 Qf5 20.Qxf5 exf5 21.Bxf5 Nb4 22.Ne5 Nd5
23.Nd3 Rad8 24.b4 Kf7 25.Rac1 Kf6 26.Bg4 Nxe3 27.fxe3 Bd5 28.a3 Bc4 29.Nc5 Bxc5
30.bxc5 Bd5 31.Rf1+ Kg5 32.Rf5+ Kg6 33.Kf2 Rf8 34.Rxf8 Rxf8+ 35.Bf3 a5 36.Ke2 Ba2
37.Kd2 b4 38.axb4 axb4 39.Ra1 b3 40.Kc3 Re8 41.Re1 Rb8 42.Kb2 Rb4 43.Rf1 Kg5
44.g3 h5 45.h4+ Kf5 46.e4+ Ke6 47.Rd1 Rb8 48.d5+ Ke5 49.d6 cxd6 50.cxd6 g6
51.d7 Rd8 52.Bg2 Ke6 53.Bh3+  1-0

[Event "Moscow GM2"]
[Site "Moscow"]
[Date "1996.??.??"]
[Round "?"]
[White "Sadvakasov, Darmen"]
[Black "Ivanov, Victor L"]
[Result "0-1"]
[WhiteElo "2280"]
[BlackElo "2450"]

1.e4 e5 2.Nf3 Nc6 3.Bb5 a6 4.Ba4 Nf6 5.O-O b5 6.Bb3 Bb7 7.c3 Nxe4 8.d4 Na5
9.Bc2 exd4 10.Re1 d5 11.Nxd4 Bd6 12.Nf5 O-O 13.Nd2 Re8 14.Nxe4 dxe4 15.Qg4 Qf6
16.Bg5 Qg6 17.Bxe4 Rxe4 18.Rxe4 h5 19.Qh4 Qxf5 20.Re2 f6 21.Be3 Nc4 22.Rae1 Re8
23.b3 Re4  0-1

[Event "Moscow-D"]
[Site "Moscow"]
[Date "1996.??.??"]
[Round "?"]
[White "Drozdov, Igor"]
[Black "Lomineishvili, Maia"]
[Result "1-0"]
[WhiteElo "2455"]
[BlackElo "2305"]

1.e4 e5 2.Nf3 Nc6 3.Bb5 a6 4.Ba4 Nf6 5.O-O b5 6.Bb3 Bb7 7.Nc3 Be7 8.d3 O-O
9.Bd2 Re8 10.Ng5 Rf8 11.f4 d6 12.a3 Nd4 13.Ba2 c5 14.Ne2 h6 15.Nxd4 cxd4
16.Nf3 Nd7 17.Qe1 Kh8 18.Qg3 f5 19.exf5 Rxf5 20.Qh3 Rf6 21.Ng5 d5 22.fxe5 Nxe5
23.Ne6 Bc8 24.Nxd8 Bxh3 25.gxh3 Rxd8 26.Rxf6 Bxf6 27.Kg2 Kg8 28.Bb3 Nc6 29.Rf1 Kf7
30.h4 Kg6 31.h5+ Kf7 32.h3 a5 33.a4 b4 34.Kg3 Ke6 35.Re1+ Be5+ 36.Kg2 Rf8
37.Re2 Rf5 38.Rf2 Rxh5 39.Rf8 Bf6 40.Bf4 Rf5 41.Bg3 Kd7 42.Rf7+ Ne7 43.Rf8 Rg5
44.h4 Rf5 45.Rb8 Rh5 46.Rb5 Bxh4 47.Bxh4 Rxh4 48.Rxa5 Rg4+ 49.Kh3 Rf4 50.Ra7+ Kd6
51.Rb7 h5 52.a5 Rf8 53.Kh4 Ra8 54.Rb5 g6 55.Kg5 Rh8 56.a6 h4 57.a7 Nc6 58.Rxd5+ Kc7
59.a8=Q Rxa8 60.Kxh4 Ra1 61.Kg5 Rg1+ 62.Kf6 Rf1+ 63.Kg5 Rg1+ 64.Kh6 Rh1+
65.Kg7 Re1 66.Ba4 Ne7 67.Rd7+ Kb6 68.Kf6 Ra1 69.Kxe7 Rxa4 70.Rxd4 Kb5 71.b3 Ra1
72.Rd5+ Kc6 73.Rd6+ Kc5 74.Rxg6  1-0

[Event "Moscow-ch"]
[Site "Moscow"]
[Date "1996.??.??"]
[Round "4"]
[White "Hait, Alexander"]
[Black "Belozerov, Andrei"]
[Result "1/2-1/2"]
[WhiteElo "2360"]
[BlackElo "2455"]

1.e4 e5 2.Nf3 Nc6 3.Bb5 a6 4.Ba4 Nf6 5.O-O b5 6.Bb3 Bb7 7.c3 Nxe4 8.d4 Na5
9.Nxe5 Nxb3 10.Qxb3 Nd6 11.a4 Be7 12.Na3 O-O 13.Be3 Rb8 14.axb5 axb5 15.d5 Nc4
16.Naxc4 Bxd5 17.Qd1 Bxc4 18.Nxd7 Bxf1 19.Kxf1 Ra8  1/2-1/2

[Event "RUS-Cup2"]
[Site "Moscow"]
[Date "1996.??.??"]
[Round "5"]
[White "Cherniaev, Alexander"]
[Black "Mozaliov, SV."]
[Result "0-1"]
[WhiteElo "2420"]
[BlackElo "2300"]

1.e4 e5 2.Nf3 Nc6 3.Bb5 a6 4.Ba4 Nf6 5.O-O b5 6.Bb3 Bb7 7.d3 Bd6 8.c3 O-O
9.Nbd2 h6 10.d4 Re8 11.Re1 Bf8 12.a3 d6 13.Bc2 Nb8 14.b4 Nbd7 15.Bb2 g6 16.a4 Bg7
17.Bd3 c6 18.Qc2 Qc7 19.dxe5 dxe5 20.c4 bxa4 21.c5 a5 22.Rxa4 axb4 23.Rea1 Rxa4
24.Rxa4 Bf8 25.Nb3 Ra8 26.Rxb4 Ba6 27.Bxa6 Rxa6 28.g3 Ra8 29.Kg2 Re8 30.Qc4 Qa7
31.Ra4 Qb7 32.Ra5 Rb8 33.Nxe5 Qxb3 34.Nxd7 Nxd7  0-1

[Event "Moscow Alekhine op"]
[Site "Moscow"]
[Date "1996.??.??"]
[Round "9"]
[White "Balashov, Yuri S"]
[Black "Rodin, Mihail"]
[Result "1-0"]
[WhiteElo "2480"]
[BlackElo "2400"]

1.e4 e5 2.Nf3 Nc6 3.Bb5 a6 4.Ba4 Nf6 5.O-O b5 6.Bb3 Bb7 7.d3 Bd6 8.c3 O-O
9.Nbd2 h6 10.a3 Re8 11.Nh4 Na5 12.Ba2 Nxe4 13.Qh5 Ng5 14.b4 Nc6 15.Ne4 Ne6
16.f4 exf4 17.Nxd6 cxd6 18.Bxf4 Qc7 19.d4 Ncd8 20.Rae1 Rc8 21.Bd2 Rf8 22.Nf5  1-0

[Event "Moscow-ch"]
[Site "Moscow"]
[Date "1996.??.??"]
[Round "10"]
[White "Kekov, Alexandr"]
[Black "Belozerov, Andrei"]
[Result "0-1"]
[WhiteElo "2370"]
[BlackElo "2455"]

1.e4 e5 2.Nf3 Nc6 3.Bb5 a6 4.Ba4 Nf6 5.O-O b5 6.Bb3 Bb7 7.Re1 Bc5 8.c3 d6
9.d4 Bb6 10.a4 h6 11.axb5 axb5 12.Rxa8 Qxa8 13.Na3 O-O 14.d5 Ne7 15.h3 Qa7
16.Be3 Bxe3 17.Rxe3 Qb6 18.Bc2 Rd8 19.Bd3 c6 20.dxc6 Bxc6 21.Qb3 Ng6 22.g3 Qb7
23.Nd2 d5 24.Bxb5 dxe4 25.Bxc6 Qxc6 26.Qc4 Qb7 27.Qb3 Qd7 28.Nxe4 Nxe4 29.Rxe4 Qxh3
30.Re1 Nf4 31.gxf4 exf4 32.Qb6 Rd5 33.Qb8+ Kh7 34.Qxf4 Rh5 35.Qe4+ f5 36.Qg2 Rg5
37.Qxg5 hxg5 38.Re3 Qg4+ 39.Kh2 f4 40.Rh3+ Kg8 41.b3 Qe2 42.Kg2 g4 43.Rh4 Qf3+  0-1

[Event "NLD-ch"]
[Site "NLD"]
[Date "1996.??.??"]
[Round "6"]
[White "Nijboer, Friso"]
[Black "Piket, Jeroen"]
[Result "1/2-1/2"]
[WhiteElo "2475"]
[BlackElo "2570"]

1.e4 e5 2.Nf3 Nc6 3.Bb5 a6 4.Ba4 Nf6 5.O-O b5 6.Bb3 Bb7 7.c3 Nxe4 8.d4 Na5
9.Nxe5 Nxb3 10.Qxb3 Nd6 11.a4 Be7 12.Na3 O-O 13.Bf4 Rb8 14.axb5 Nxb5 15.Nxb5 d6
16.Nd3 Be4 17.Nb4 Rxb5 18.Qc4 d5 19.Qxc7 Bxb4 20.cxb4 Rxb4 21.f3 Bf5 22.Qxd8 Rxd8
23.Rfd1 Rxb2  1/2-1/2

[Event "RUS-Cup3"]
[Site "Omsk"]
[Date "1996.??.??"]
[Round "2"]
[White "Dvoirys, Semen I"]
[Black "Ibragimov, A."]
[Result "1-0"]
[WhiteElo "2570"]
[BlackElo "2250"]

1.e4 e5 2.Nf3 Nc6 3.Bb5 a6 4.Ba4 Nf6 5.O-O b5 6.Bb3 Bb7 7.d3 Bc5 8.a4 O-O
9.axb5 axb5 10.Rxa8 Bxa8 11.Nc3 Na5 12.Ba2 d5 13.exd5 Nxd5 14.Nxe5 Nxc3 15.bxc3 Bd6
16.Qh5 Qe8 17.Re1 c5 18.Bd2 Bxe5 19.Rxe5 Qd7 20.Qf5 Qa7 21.Bh6 Nc4 22.Qg4 f6
23.Rxc5 Re8 24.h3  1-0

[Event "RUS-chT"]
[Site "Orel"]
[Date "1996.??.??"]
[Round "?"]
[White "Berelovich, Aleksandar"]
[Black "Potapov, Alexander"]
[Result "1-0"]
[WhiteElo "2505"]
[BlackElo "2455"]

1.e4 e5 2.Nf3 Nc6 3.Bb5 a6 4.Ba4 Nf6 5.O-O b5 6.Bb3 Bb7 7.c3 Nxe4 8.d4 Na5
9.Nxe5 Nxb3 10.Qxb3 Qf6 11.f3 Nc5 12.Ng4 Nxb3 13.Nxf6+ Ke7 14.Bg5 Nxa1 15.Re1+ Be4
16.Nxe4+ f6 17.Nxf6+ Kf7 18.Nxd7 b4 19.Nxf8 Rhxf8 20.Rc1 Kg6 21.Bh4 b3 22.Na3 Nc2
23.Nxc2 bxc2 24.Rxc2 Rfe8 25.c4 c6 26.Kf2 Kf5 27.b4 Rab8 28.Rb2 Rb7 29.Bg3 h5
30.a4 g5 31.Bd6 Re6 32.c5 g4 33.d5 cxd5 34.b5 axb5 35.axb5 Rxd6 36.cxd6 gxf3
37.gxf3 Ke5 38.Ke3 Kxd6 39.Kd4 Rf7 40.b6 Rf4+ 41.Ke3 Rf8 42.b7 Rb8 43.Kd4 h4
44.f4 h3 45.f5 Kc6 46.Rb3  1-0

[Event "Komercni Banka op"]
[Site "Pardubice"]
[Date "1996.??.??"]
[Round "8"]
[White "Talla, Vladimir"]
[Black "Kniest, Oliver"]
[Result "1-0"]
[WhiteElo "2285"]
[BlackElo "2170"]

1.e4 e5 2.Nf3 Nc6 3.Bb5 a6 4.Ba4 Nf6 5.O-O b5 6.Bb3 Bb7 7.Re1 Bc5 8.c3 d6
9.d4 Bb6 10.a4 h6 11.Qd3 O-O 12.d5 Na5 13.Bc2 c6 14.dxc6 Bxc6 15.Be3 bxa4
16.Bxb6 Qxb6 17.Nbd2 Nb7 18.Nc4 Qc7 19.Qe3 Rab8 20.h3 Bxe4 21.Bxe4 Qxc4 22.Nd2 Qb5
23.Bd3 Qc6 24.b4 axb3 25.Rxa6 Qc5 26.Nxb3 Qxe3 27.fxe3 Nd5 28.e4 Nxc3 29.Rc1 Rfc8
30.Rb6 Rc7 31.Kh2 Na4 32.Rxc7 Nxb6 33.Rc6 Nd7 34.Bc4 Kf8 35.Rc7 d5 36.Bxd5 Ke7
37.Rxb7 Rxb7 38.Bxb7 g6 39.Kg1 f5 40.exf5 gxf5 41.Kf2 Kf6 42.Ke3 Kg5 43.Nd2 e4
44.Bc6 Nf8 45.Nb3 Ne6 46.Bb5 Nf4 47.Bf1 Nh5 48.Bc4 Ng3 49.Nd4 f4+ 50.Kf2 Kf6
51.Ne2 Nxe2 52.Bxe2 Kg5 53.Bd1 Kf5 54.Bc2 Ke5 55.Ba4 Kf5 56.Bc6 Ke5 57.Bb7 Kf5
58.Bd5 Ke5 59.Bg8 Kf5 60.Bh7+ Ke5 61.Bg6 Kd4 62.h4 Ke5 63.Bh5 Kf5 64.Kg1 Ke5
65.Kh2 Kf5 66.Kh3 Ke5 67.Bd1 f3 68.Bxf3 exf3 69.gxf3 Kf4 70.Kg2 Ke3 71.Kg3 h5
72.Kg2 Kf4 73.Kf2 Kf5 74.Ke3 Ke5 75.f4+ Kf5 76.Kf3 Kf6 77.Ke4 Ke6 78.f5+  1-0

[Event "Komercni Banka op"]
[Site "Pardubice"]
[Date "1996.??.??"]
[Round "8"]
[White "Hribar, Bojan"]
[Black "Krustkalns, Kristaps"]
[Result "1-0"]
[WhiteElo "2250"]
[BlackElo "2080"]

1.e4 e5 2.Nf3 Nc6 3.Bb5 a6 4.Ba4 Nf6 5.O-O b5 6.Bb3 Bb7 7.Re1 Bc5 8.c3 d6
9.d4 Bb6 10.Be3 O-O 11.Nbd2 h6 12.h3 Re8 13.d5 Ne7 14.Bxb6 cxb6 15.Nf1 Ng6
16.N3d2 Nf4 17.Qf3 Bc8 18.Bc2 Nh7 19.Ne3 Ng5 20.Qg3 Bd7 21.h4 Nh5 22.Qh2 Nh7
23.g4 Nf4 24.Qg3 Ng6 25.Nf3 Qf6 26.Kh2 Ne7 27.Ng2 g6 28.Rh1 Kh8 29.g5 Qg7
30.gxh6 Qxh6 31.Kg1 f5 32.Ng5 Kg7 33.f4 fxe4 34.Bxe4 Nf5 35.Bxf5 Bxf5 36.Qf2 Rab8
37.a4 bxa4 38.Rxa4 Qh5 39.Rxa6 Qd1+ 40.Kh2 Qxd5 41.Ra7+ Rb7 42.Rd1 Qc6 43.Rxd6 Qxd6
44.Rxb7+ Bd7 45.Nxh7 Kxh7 46.Rxb6 Qd3 47.Qg3 Qf5 48.Ne3 Qe4 49.Nd5 Qe2+ 50.Qg2  1-0

[Event "Plzen opJ-A"]
[Site "Plzen"]
[Date "1996.??.??"]
[Round "9"]
[White "Jirovsky, Petr"]
[Black "Petek, Pavel"]
[Result "1-0"]
[WhiteElo "2305"]
[BlackElo "2175"]

1.e4 e5 2.Nf3 Nc6 3.Bb5 a6 4.Ba4 Nf6 5.O-O b5 6.Bb3 Bb7 7.Re1 Bc5 8.c3 d6
9.d4 Bb6 10.a4 O-O 11.Bg5 exd4 12.cxd4 h6 13.Bxf6 Qxf6 14.Bd5 Rab8 15.e5 dxe5
16.dxe5 Qf5 17.axb5 axb5 18.Nc3 Rbd8 19.Qb3 b4 20.Ne4 Nd4 21.Nxd4 Bxd5 22.Qxb4 Qxe5
23.Nf3 Qf5 24.Ng3 Qf6 25.Nh5 Qg6 26.Nf4 Qc2 27.Nxd5 Bxf2+ 28.Kh1 Bxe1 29.Ne7+ Kh8
30.Rxe1 Rfe8 31.h3 Rd1 32.Rxd1 Qxd1+ 33.Kh2 Qd6+ 34.Qxd6 cxd6 35.Nc6 Re2
36.b4 Rb2 37.Nfd4 Kg8 38.b5 Kf8 39.Na5 Rb4 40.Nab3 Ke7  1-0

[Event "POL-ch"]
[Site "Poland"]
[Date "1996.??.??"]
[Round "13"]
[White "Kaminski, Marcin"]
[Black "Czerwonski, Aleksander"]
[Result "1-0"]
[WhiteElo "2525"]
[BlackElo "2400"]

1.e4 e5 2.Nf3 Nc6 3.Bb5 a6 4.Ba4 Nf6 5.O-O b5 6.Bb3 Bb7 7.d3 Bc5 8.a4 O-O
9.Nc3 b4 10.Nd5 Nxd5 11.Bxd5 d6 12.a5 Rb8 13.c3 Ne7 14.Bc4 Bc8 15.Be3 Ng6
16.d4 exd4 17.cxd4 Ba7 18.Qd3 Ra8 19.Bd5 Rb8 20.Rfc1 Ne7 21.Bc4 d5 22.exd5 Qd6
23.Qe4 f5 24.Qxe7 Qxe7 25.d6+ Qf7 26.Bxf7+ Rxf7 27.Ne5  1-0

[Event "Pula op"]
[Site "Pula"]
[Date "1996.??.??"]
[Round "?"]
[White "Loncar, Robert"]
[Black "Kolar, Srecko"]
[Result "1-0"]
[WhiteElo "2455"]
[BlackElo "2200"]

1.e4 e5 2.Nf3 Nc6 3.Bb5 a6 4.Ba4 Nf6 5.O-O b5 6.Bb3 Bb7 7.d3 Be7 8.Nc3 d6
9.a4 b4 10.Ne2 Na5 11.Ba2 c5 12.Bd2 Nc6 13.Ng3 Bc8 14.Ng5 O-O 15.f4 exf4
16.Bxf4 Ne5 17.h3 h6 18.Nf3 Ng6 19.Be3 Re8 20.d4 cxd4 21.Nxd4 Bf8 22.Nh5 Be6
23.Nxf6+ gxf6 24.Nxe6 fxe6 25.Qg4 Kf7 26.Qh5 Rc8 27.Rf3 Be7 28.Rg3 Rg8 29.Bxe6+ Kxe6
30.Qd5+ Kd7 31.Qf5+ Kc7 32.Rxg6 Rxg6 33.Qxg6 Kb8 34.c3 Rc4 35.Bd4 d5 36.e5 fxe5
37.Bxe5+ Kb7 38.Qxh6 Re4 39.Bd4 Bg5 40.Qh7+ Re7 41.Qd3 Qe8 42.Bf2  1-0

[Event "Regensburg op"]
[Site "Regensburg"]
[Date "1996.??.??"]
[Round "4"]
[White "Wells, Peter K"]
[Black "Kniest, Oliver"]
[Result "1-0"]
[WhiteElo "2495"]
[BlackElo "2135"]

1.e4 e5 2.Nf3 Nc6 3.Bb5 a6 4.Ba4 Nf6 5.O-O b5 6.Bb3 Bb7 7.d3 Bc5 8.a4 O-O
9.axb5 axb5 10.Rxa8 Bxa8 11.Bg5 Be7 12.Nc3 b4 13.Ne2 Ng4 14.Bxe7 Qxe7 15.Ng3 g6
16.Qd2 Kg7 17.Ra1 Bb7 18.h3 Nh6 19.Bd5 Ra8 20.Rxa8 Bxa8 21.c3 bxc3 22.Qxc3 f6
23.b4 Qxb4 24.Qxb4 Nxb4 25.Bxa8 c6 26.d4 exd4 27.Nxd4 Nf7 28.f4 Nd8 29.e5 f5
30.Nge2 Kf7 31.Nc3 Nd3 32.g3 Nc5 33.Kf2 h6 34.Ke3 h5 35.Kf3 Ke7 36.g4 hxg4+
37.hxg4 fxg4+ 38.Kxg4 Kf7 39.Kf3 Ke7 40.Ne4 Nd3 41.Ke3 Nb4 42.Nd6 Nd5+ 43.Kf3 Nc7
44.Bb7 Ne8 45.Kg4 Kf8 46.Kg5 Ng7 47.Nb3  1-0

[Event "Seefeld op"]
[Site "Seefeld"]
[Date "1996.??.??"]
[Round "?"]
[White "Schoenberger, Peter"]
[Black "Koerlin, Hans"]
[Result "1-0"]
[WhiteElo "2000"]
[BlackElo "1870"]

1.e4 e5 2.Nf3 Nc6 3.Bb5 a6 4.Ba4 Nf6 5.O-O b5 6.Bb3 Bb7 7.d3 Bc5 8.Nc3 d6
9.a3 Qe7 10.Ba2 O-O-O 11.b4 Bb6 12.Be3 Nd4 13.Nd5 Nxd5 14.exd5 Kb8 15.c4 Rhg8
16.Bxd4 exd4 17.cxb5 axb5 18.a4 Ba6 19.axb5 Bxb5 20.Bc4 Qd7 21.Qb3 Kb7 22.Qb2 Ra8
23.Nxd4 Bxd4 24.Qxd4 f6 25.Ra5 Rxa5 26.bxa5 Ka6 27.Rb1 Rb8 28.h3 Qe8 29.Qb2 h6
30.Qc3 Qe5 31.Bxb5+ Rxb5 32.Qc6+  1-0

[Event "Seefeld op"]
[Site "Seefeld"]
[Date "1996.??.??"]
[Round "?"]
[White "Schmitzer, Peter"]
[Black "Koerlin, Hans"]
[Result "1-0"]
[WhiteElo "2190"]
[BlackElo "1870"]

1.e4 e5 2.Nf3 Nc6 3.Bb5 a6 4.Ba4 Nf6 5.O-O b5 6.Bb3 Bb7 7.c3 Nxe4 8.Re1 d5
9.d3 Nc5 10.Nxe5 Nxe5 11.Rxe5+ Ne6 12.Bg5 Qd7 13.Qg4 Bd6 14.Re2 h6 15.Bh4 g5
16.Bg3 O-O-O 17.Bxd6 Qxd6 18.a4 h5 19.Qf5 Qf4 20.Qxf4 Nxf4 21.Rd2 Rde8 22.Na3 Re7
23.d4 Rhe8 24.Kf1 Bc6 25.axb5 axb5 26.g3 Nh3 27.Nc2 g4 28.Nb4 Kd7 29.Bxd5 Bxd5
30.Nxd5 Re6 31.Ne3 Ng5 32.Kg2 Nf3 33.Rdd1 Rf6 34.b3 Ng5 35.Nd5 Rf3 36.Re1 Nh3
37.Rxe8 Rxf2+ 38.Kh1 Kxe8 39.Nxc7+ Kd7 40.Nxb5 Rb2 41.c4 Rxb3 42.Kg2 Rb2+
43.Kf1 f5 44.Ra7+ Ke6 45.d5+ Ke5 46.Re7+ Kf6 47.Re6+ Kf7 48.Nd6+ Kf8 49.Re8+ Kg7
50.Nxf5+ Kf6 51.Rf8+ Ke5 52.d6 Ke6 53.c5 Rb1+ 54.Ke2 Rc1 55.Nd4+ Kd7 56.Rf7+ Kd8
57.Kd2  1-0

[Event "EU-ch U20"]
[Site "Siofok"]
[Date "1996.??.??"]
[Round "1"]
[White "Savic, Miodrag R"]
[Black "Luukkonen, Tommi"]
[Result "1-0"]
[WhiteElo "2345"]
[BlackElo "2130"]

1.e4 e5 2.Nf3 Nc6 3.Bb5 a6 4.Ba4 Nf6 5.O-O b5 6.Bb3 Bb7 7.Re1 Bc5 8.c3 d6
9.d4 Bb6 10.Bg5 h6 11.Bh4 Qe7 12.h3 O-O-O 13.a4 g5 14.Bg3 Nh5 15.axb5 axb5
16.Nxe5 dxe5 17.Qxh5 exd4 18.Qxf7 Rhe8 19.Qf5+ Kb8 20.Qxb5 Ne5 21.cxd4 Rxd4
22.Ba4 Rxa4 23.Qxa4 Nd3 24.Re2 Rf8 25.Qa3 Qd8 26.Rd2 Rxf2 27.Bxf2  1-0

[Event "EU-ch U20"]
[Site "Siofok"]
[Date "1996.??.??"]
[Round "4"]
[White "Antoniewski, Rafal"]
[Black "Luukkonen, Tommi"]
[Result "1-0"]
[WhiteElo "2350"]
[BlackElo "2130"]

1.e4 e5 2.Nf3 Nc6 3.Bb5 a6 4.Ba4 Nf6 5.O-O b5 6.Bb3 Bb7 7.c3 Nxe4 8.d4 Na5
9.Nxe5 Nxb3 10.Qxb3 Nd6 11.Nd2 Be7 12.f3 O-O 13.a4 Bf6 14.Nd3 Re8 15.Nc5 Bc6
16.a5 Nb7 17.Nde4 d6 18.Nxb7 Bxb7 19.d5 Rb8 20.Bf4 g6 21.Rad1 Bg7 22.Qc2 Bc8
23.Qd2 Bf5 24.Ng3 Bd7 25.b4 Qf6 26.Ne4 Qe7 27.Rfe1 Qf8 28.Be3 f5 29.Nf2 Qf7
30.Nh3 Bf6 31.Kf2 Re5 32.Ng5 Qg7 33.f4 Re7 34.Bd4 Rbe8 35.Rxe7 Qxe7 36.Bxf6 Qxf6
37.Qd4 Qe7 38.Qd3 h6 39.Nf3 Qe4 40.Qd2 Qc4 41.g3 Re4 42.Nh4 Kg7 43.Ng2 c5
44.dxc6 Bxc6 45.Ne3 Qe6 46.Qxd6 Rxe3 47.Qd4+  1-0

[Event "EU-ch U20"]
[Site "Siofok"]
[Date "1996.??.??"]
[Round "7"]
[White "Zulfugarli, Magomed"]
[Black "Belozerov, Andrei"]
[Result "1/2-1/2"]
[WhiteElo "2325"]
[BlackElo "2455"]

1.e4 e5 2.Nf3 Nc6 3.Bb5 a6 4.Ba4 Nf6 5.O-O b5 6.Bb3 Bb7 7.Re1 Bc5 8.c3 d6
9.d4 Bb6 10.Bg5 h6 11.Bh4 Qd7 12.dxe5 Nxe5 13.Nxe5 dxe5 14.Bxf6 Qxd1 15.Bxd1 gxf6
16.Nd2 O-O-O 17.Nf1 Rd6 18.Re2 Rhd8 19.Bb3 R8d7 20.a4 b4 21.a5 Ba7 22.c4 Bc6
23.Ng3 Rd2 24.Kf1 f5 25.exf5 Rxe2 26.Kxe2 Bxg2 27.Rd1 Bd4 28.Rd2 e4 29.c5 Bf3+
30.Ke1 Bxc5 31.Rxd7 Kxd7 32.Bxf7 b3 33.Bxb3 Bd4 34.Bc4 Bxb2 35.Bxa6 Bc3+
36.Kf1 Bxa5 37.Bb7 Kd6 38.Bxe4 Bxe4 39.Nxe4+ Ke5 40.Ng3 Bd2 41.Ke2 Bf4 42.Kd3  1/2-1/2

[Event "RUS-Cup1 Chigorin mem"]
[Site "St Petersburg"]
[Date "1996.??.??"]
[Round "6"]
[White "Shovunov, V."]
[Black "Macieja, Bartlomiej"]
[Result "0-1"]
[WhiteElo "2320"]
[BlackElo "2460"]

1.e4 e5 2.Nf3 Nc6 3.Bb5 a6 4.Ba4 Nf6 5.O-O b5 6.Bb3 Bb7 7.Re1 Bc5 8.c3 d6
9.d4 Bb6 10.Bg5 h6 11.Bh4 g5 12.Bg3 O-O 13.d5 Ne7 14.Nbd2 Nh5 15.Nf1 Kh8
16.h4 g4 17.N3h2 f5 18.exf5 Nxf5 19.Kh1 Nfxg3+ 20.fxg3 Rxf1+  0-1

[Event "RUS-Cup1 Chigorin mem"]
[Site "St Petersburg"]
[Date "1996.??.??"]
[Round "7"]
[White "Klimov, Sergey"]
[Black "Mozaliov, SV."]
[Result "1/2-1/2"]
[WhiteElo "2400"]
[BlackElo "2300"]

1.e4 e5 2.Nf3 Nc6 3.Bb5 a6 4.Ba4 Nf6 5.O-O b5 6.Bb3 Bb7 7.d4 Nxd4 8.Nxd4 exd4
9.e5 Ne4 10.c3 dxc3 11.Qf3 d5 12.exd6 Qf6 13.d7+ Kd8 14.Qxf6+ Nxf6 15.Nxc3 Bd6
16.Bxf7 Kxd7 17.Re1 c5 18.Bg5 Rhf8 19.Be6+ Kc7  1/2-1/2